Dear Bess : (Record no. 22597)
[ view plain ]
| 000 -LEADER | |
|---|---|
| fixed length control field | 00994pam a22003132 4500 |
| 001 - CONTROL NUMBER | |
| control field | 22597 |
| 003 - CONTROL NUMBER IDENTIFIER | |
| rucl marc code | BD-RjUL |
| 005 - DATE AND TIME OF LATEST TRANSACTION | |
| control field | 20211209000827.0 |
| 008 - FIXED-LENGTH DATA ELEMENTS--GENERAL INFORMATION | |
| fixed length control field | 140308s1983 nyuac 001 0aeng |
| 020 ## - INTERNATIONAL STANDARD BOOK NUMBER | |
| International Standard Book Number | 0393018229 |
| 035 ## - SYSTEM CONTROL NUMBER | |
| System control number | (BD-RjUL)22662 |
| 040 ## - CATALOGING SOURCE | |
| Original cataloging agency | DLC |
| Transcribing agency | DLC |
| Modifying agency | BD-RjUL |
| -- | BD-RjUL |
| Language of cataloging | eng |
| 041 ## - LANGUAGE CODE | |
| Language code of text/sound track or separate title | eng |
| 082 0# - DEWEY DECIMAL CLASSIFICATION NUMBER | |
| Classification number | 973.918922 |
| Edition number | 19 |
| Author mark and year | DEA 1983 |
| 100 1# - MAIN ENTRY--PERSONAL NAME | |
| Personal name | Truman, Harry S., |
| Dates associated with a name | 1884-1972. |
| 9 (RLIN) | 69762 |
| 245 10 - TITLE STATEMENT | |
| Title | Dear Bess : |
| Remainder of title | the letters from Harry to Bess Truman, 1910-1959 / |
| Statement of responsibility, etc. | edited by Robert H. Ferrell. |
| 250 ## - EDITION STATEMENT | |
| Edition statement | 1st ed. |
| 260 ## - PUBLICATION, DISTRIBUTION, ETC. (IMPRINT) | |
| Place of publication, distribution, etc. | New York : |
| Name of publisher, distributor, etc. | Norton, |
| Date of publication, distribution, etc. | c1983. |
| 300 ## - PHYSICAL DESCRIPTION | |
| Pagination | xii, 593 p. : |
| Illustrations | ill., ports. ; |
| Size | 24 cm. |
| 504 ## - BIBLIOGRAPHY, ETC. NOTE | |
| Bibliography, etc | Includes index. |
| 600 10 - SUBJECT ADDED ENTRY--PERSONAL NAME | |
| Personal name | Truman, Harry S., |
| Dates associated with a name | 1884-1972. |
| Personal name | Truman, Bess Wallace. |
| 650 #0 - SUBJECT ADDED ENTRY--TOPICAL TERM | |
| Topical term or geographic name as entry element | Presidents |
| Geographic subdivision | United States |
| General subdivision | Correspondence. |
| 9 (RLIN) | 69765 |
| 700 1# - ADDED ENTRY--PERSONAL NAME | |
| Personal name | Truman, Bess Wallace. |
| Personal name | Ferrell, Robert H. |
| 942 ## - ADDED ENTRY ELEMENTS (KOHA) | |
| Source of classification or shelving scheme | Dewey Decimal Classification |
| Koha item type | Books |
| Lost status | Source of classification or shelving scheme | Damaged status | Not for loan | Collection code | Permanent Location | Current Location | Shelving location | Date acquired | Source of acquisition | Total Checkouts | Full call number | Date last seen | Copy number | Koha item type | Cost, normal purchase price |
|---|---|---|---|---|---|---|---|---|---|---|---|---|---|---|---|
| Dewey Decimal Classification | Fiction | Central Library, University of Rajshahi | Central Library, University of Rajshahi | 15/07/1985 | Asia Foundation | 973.918922 DEA 1983 | 08/03/2014 | C-14 | Books | ||||||
| Dewey Decimal Classification | Non-fiction | Central Library, University of Rajshahi | Central Library, University of Rajshahi | 01/03/1986 | GIFT | 973.918922 DEA 1983 | 30/03/2014 | C-2 | Books | 0.00 | |||||
| Dewey Decimal Classification | Not For Loan | Non-fiction | Central Library, University of Rajshahi | Central Library, University of Rajshahi | Reading Room | 01/03/1986 | 973.918922 DEA 1983 | 20/02/2017 | C-1 | Books | |||||
| Dewey Decimal Classification | Non-fiction | Central Library, University of Rajshahi | Central Library, University of Rajshahi | 15/07/1985 | Asia Foundation , U.S.A. | 973.918922 DEA 1983 | 05/12/2019 | C-3 | Books | ||||||
| Dewey Decimal Classification | Non-fiction | Central Library, University of Rajshahi | Central Library, University of Rajshahi | 15/07/1985 | Asia Foundation , U.S.A. | 973.918922 DEA 1983 | 05/12/2019 | C-5 | Books | ||||||
| Dewey Decimal Classification | Non-fiction | Central Library, University of Rajshahi | Central Library, University of Rajshahi | 15/07/1985 | Asia Foundation , U.S.A. | 973.918922 DEA 1983 | 05/12/2019 | C-6 | Books |